Genshin Impact Elements - Statistics

General Stats
  • This quiz has been taken 1,895 times
    1,893 since last reset
  • The average score is 6 of 7
Answer Stats
Hint Answer % Correct
Pyro Fire
98%
Cryo Ice
98%
Anemo Wind
98%
Hydro Water
97%
Electro Electric
86%
Geo Earth
84%
Dendro Nature
62%
No matching quizzes found
Score Distribution
Percent of People with Each Score
Percentile by Number Answered
Your Score History
You have not taken this quiz since the last reset